| 000 | 02076cam a2200313 a 4500 | ||
|---|---|---|---|
| 003 | EG-GiCUC | ||
| 005 | 20250223030915.0 | ||
| 008 | 131217c2013 ua f m 000 0 ara d | ||
| 040 |
_aEG-GiCUC _bara _cEG-GiCUC |
||
| 041 | 0 | _aara | |
| 049 | _aايداع | ||
| 097 | _aماجستير | ||
| 099 | _aCai01.06.04.M.Sc.2013.سع.ف | ||
| 100 | 0 | _aسعيد محمد عكاشة | |
| 245 | 1 | 0 |
_aفقه البيوع بين أبى حنيفة و ابن حزم : _bدراسة فقهية مقارنة / _cسعيد محمد عكاشة ؛ اشراف عبدالمجيد محمود عبدالمجيد |
| 260 |
_aالقاهرة : _bسعيد محمد عكاشة : _c2013 |
||
| 300 |
_a406 ورقة ؛ _c30سم |
||
| 502 | _aاطروحة (ماجستير) - جامعة القاهرة - كلية دار العلوم - قسم الشريعة الإسلامية | ||
| 520 | _aتدور هذه الرسالة بين عالمين جليلين من أعلام الإسلامى و هما الإمام أبى حنيفة صاحب مدرسة الرأى و الامام ابن حزم صاحب مدرسة النص و قد تناولت فى هذه الرسالة ما يقرب من مائة مسألة من المسائل ذات الخلاف البين بين الأمامين فى "البيوع" مثل حكم القدرة على التسليم و بيع الطعام قبل قبضه و البيوع المنهى عنها و كذلك بيع المجهول نحو بيع الثمرة قبل بدو صلاحها و قد تناولت ايضا بيوع الغبن و الغرر و كذلك البيوع الربوية و بيع الأعيان المحرمة و كذلك الخيارات | ||
| 530 | _aصدر ايضا كقرص مدمج | ||
| 653 | 4 | _aبيع المسلم على بيع اخيه | |
| 653 | 4 | _aخيار الشرط | |
| 653 | 4 | _aمفهوم التفرق فى البيع | |
| 700 | 0 |
_aعبدالمجيد محمود عبدالمجيد : _eمشرف |
|
| 856 | _uhttp://172.23.153.220/th.pdf | ||
| 905 |
_aNazla _eCataloger |
||
| 905 |
_aSoheir _eRevisor |
||
| 942 |
_2ddc _cTH |
||
| 999 |
_c44466 _d44466 |
||